Freedom's daughter: Letters between Indira Gandhi and Jawaharlal Nehru 1922-39 (Record no. 1398844)

MARC details
000 -LEADER
fixed length control field 00655nam a2200217Ia 4500
005 - DATE AND TIME OF LATEST TRANSACTION
control field 20250508170034.0
008 - FIXED-LENGTH DATA ELEMENTS--GENERAL INFORMATION
fixed length control field 008 250505s9999 xx 000 0 eng d
020 ## - INTERNATIONAL STANDARD BOOK NUMBER
International Standard Book Number 978-1-5264-2973-5
037 ## - SOURCE OF ACQUISITION
Stock number Textual
040 ## - CATALOGING SOURCE
Original cataloging agency FEDL
Language of cataloging eng
Transcribing agency FEDL
041 ## - LANGUAGE CODE
Language code of text/sound track or separate title eng
Source of code eng
084 ## - COLON CLASSIFICATION NUMBER
Classification number 954.04, GAN
Assigning agency FEDL
100 ## - MAIN ENTRY--PERSONAL NAME
Personal name Gandhi Sonia Ed.
9 (RLIN) 419635
245 #0 - TITLE STATEMENT
Title Freedom's daughter: Letters between Indira Gandhi and Jawaharlal Nehru 1922-39
260 ## - PUBLICATION, DISTRIBUTION, ETC.
Place of publication, distribution, etc. London, UK
Name of publisher, distributor, etc. Hodder and Stoughton
Date of publication, distribution, etc. 1989
300 ## - PHYSICAL DESCRIPTION
Extent 483p.
365 ## - TRADE PRICE
Price type code GBP
Price amount 25
546 ## - LANGUAGE NOTE
Language note Gifted by Prof. Anita Rampal
942 ## - ADDED ENTRY ELEMENTS (KOHA)
Koha item type Textual
Classification part 954.04, GAN
Holdings
Withdrawn status Lost status Damaged status Not for loan Home library Current library Date acquired Cost, normal purchase price Total Checkouts Full call number Barcode Date last seen Price effective from Koha item type
        Department of Education Library Department of Education Library 2025-05-08 25.00   954.04, GAN EL0092506 2025-05-08 2025-05-08 Textual
Copyright @ Delhi University Library System